000
00330nam a2200145Ia 4500
008
090124s9999 xx 000 0 und d
082
_b
303810
245
_a
रास
250
_a
1
260
_b
करंदीकर सुमा
_c
1998
300
_a
110
630
_a
रास
730
_a
रास
942
_c
BOOK
999
_c
193447
_d
193447